UBT Library

EXPERIENCING THE LIFESPAN (Record no. 58988)

000 -LEADER
fixed length control field 00337nam a22001457a 4500
008 - FIXED-LENGTH DATA ELEMENTS--GENERAL INFORMATION
fixed length control field 221121b ||||| |||| 00| 0 eng d
020 ## - INTERNATIONAL STANDARD BOOK NUMBER
International Standard Book Number 9781464175947
041 ## - LANGUAGE CODE
Language code of text/sound track or separate title eng
080 ## - UNIVERSAL DECIMAL CLASSIFICATION NUMBER
Edition identifier FOURTH EDITION
Universal Decimal Classification number 159.9
082 ## - DEWEY DECIMAL CLASSIFICATION NUMBER
Classification number 159.9 BEL
100 ## - Rafti
Rafti 25
101 ## - Shkurtesa
Shkurtesa PSI
245 ## - TITLE STATEMENT
Title EXPERIENCING THE LIFESPAN
Statement of responsibility, etc BELSKY J
942 ## - ADDED ENTRY ELEMENTS (KOHA)
Source of classification or shelving scheme
Item type Books
Holdings
Withdrawn status Lost status Source of classification or shelving scheme Damaged status Not for loan Collection code Permanent location Current location Date acquired Total Checkouts Full call number Barcode Date last seen Price effective from Koha item type
          Koleksioni i përgjithshem UBT - Lipjan UBT - Lipjan 11/21/2022   159.9 BEL 002-800028700260796 11/21/2022 11/21/2022 Books
          Koleksioni i përgjithshem UBT - Lipjan UBT - Lipjan 11/21/2022   159.9 BEL 002-800028700260797 11/21/2022 11/21/2022 Books
          Koleksioni i përgjithshem UBT - Lipjan UBT - Lipjan 12/02/2022   159.9 BEL 002-800028700260948 12/02/2022 12/02/2022 Books
          Koleksioni i përgjithshem UBT - Lipjan UBT - Lipjan 12/02/2022   159.9 BEL 002-800028700260949 12/02/2022 12/02/2022 Books
          Koleksioni i përgjithshem UBT - Lipjan UBT - Lipjan 12/02/2022   159.9 BEL 002-800028700260950 12/02/2022 12/02/2022 Books
UBT Library © 2015-2024. All rights reserved University Education for Business and Technology